[Event "TUR Cup"]
[Site "Denizli"]
[Date "2023.07.22"]
[Round "9"]
[White "Kiyak, Ali"]
[Black "Soy, Huseyin"]
[Result "0-1"]
[WhiteElo "1578"]
[BlackElo "1421"]
[PlyCount "72"]
[EventDate "2023.07.16"]
[EventType "team-tourn"]
[EventRounds "9"]
[EventCountry "TUR"]
[SourceTitle "CBM 215 Extra"]
[Source "ChessBase"]
[SourceDate "2023.09.30"]
[SourceVersion "1"]
[SourceVersionDate "2023.09.30"]
[SourceQuality "1"]

1. e4 c5 2. Nf3 a6 3. b3 Nc6 4. Bb2 d6 5. c4 e5 6. h3 g6 7. Nc3 Bg7 8. Be2 Nge7 9. d3 0-0 10. Qd2 Be6 11. h4 Nd4 12. h5 Nec6 13. Nd5 Nxf3+ 14. Bxf3 b5 15. 0-0-0 Rb8 16. Kb1 a5 17. hxg6 fxg6 18. Ka1 a4 19. bxa4 bxc4 20. dxc4 Nd4 21. Bc3 Qd7 22. Rb1 Qxa4 23. Bxd4 exd4 24. Qd3 Bxd5 25. exd5 Qa5 26. Rhc1 Ra8 27. Rc2 Rfe8 28. Bg4 Qa3 29. Be6+ Rxe6 30. Qxa3 d3+ 31. Rc3 Rxa3 32. Rb8+ Re8 33. Rxe8+ Kf7 34. Rb8 Rxc3 35. Rb7+ Kf6 36. Kb2 d2 0-1

[Event "TUR Cup"]
[Site "Denizli"]
[Date "2023.07.17"]
[Round "3"]
[White "Altundal, Arda"]
[Black "Kiyak, Ali"]
[Result "1/2-1/2"]
[WhiteElo "1750"]
[BlackElo "1578"]
[PlyCount "74"]
[EventDate "2023.07.16"]
[EventType "team-tourn"]
[EventRounds "9"]
[EventCountry "TUR"]
[SourceTitle "CBM 215 Extra"]
[Source "ChessBase"]
[SourceDate "2023.09.30"]
[SourceVersion "1"]
[SourceVersionDate "2023.09.30"]
[SourceQuality "1"]

1. e4 e5 2. Nf3 Nc6 3. Bc4 Be7 4. 0-0 Nf6 5. Nc3 0-0 6. d4 Nxe4 7. Nxe4 d5 8. Bxd5 Qxd5 9. Nc3 Qa5 10. Nxe5 Nxe5 11. dxe5 Qxe5 12. Re1 Qc5 13. Be3 Qc6 14. Bxa7 Ba3 15. Nd5 Be6 16. bxa3 Bxd5 17. Bd4 Qg6 18. f3 Rfd8 19. Qe2 Be6 20. Bb2 Rd6 21. Rad1 Rc6 22. Rd2 h6 23. f4 Ra4 24. Qe5 f6 25. Qb5 Re4 26. Rxe4 Qxe4 27. Re2 Qxf4 28. Qxb7 Qc4 29. Rd2 Rb6 30. Qa8+ Kh7 31. Rd4 Qc5 32. Qe4+ Bf5 33. Qd5 Qxc2 34. Rc4 Qb1+ 35. Rc1 Qd3 36. Qxd3 Bxd3 37. Bd4 Rb1 1/2-1/2

[Event "TUR-chT Clubs"]
[Site "Konya"]
[Date "2019.07.17"]
[Round "3.29"]
[White "Kiyak, Ali"]
[Black "Seker, Gokhan"]
[Result "0-1"]
[WhiteElo "1593"]
[BlackElo "1216"]
[PlyCount "106"]
[EventDate "2019.07.16"]
[EventType "team-swiss"]
[EventRounds "9"]
[EventCountry "TUR"]
[SourceTitle "CBM 191 Extra"]
[Source "ChessBase"]
[SourceDate "2019.09.30"]
[SourceVersion "1"]
[SourceVersionDate "2019.09.30"]
[SourceQuality "1"]
[WhiteTeam "Duzici Okyanus"]
[BlackTeam "Magusa Dernegi"]
[WhiteTeamCountry "TUR"]
[BlackTeamCountry "TUR"]

1. e4 e5 2. Nf3 Nc6 3. Nc3 Nf6 4. Bb5 Bb4 5. 0-0 0-0 6. d3 Bxc3 7. bxc3 d6 8. h3 h6 9. Re1 a6 10. Bxc6 bxc6 11. d4 exd4 12. cxd4 Re8 13. e5 Nd5 14. Bb2 Rb8 15. Rb1 Bf5 16. a3 Re6 17. Qd2 Nb6 18. Qe2 Nd5 19. Ba1 Rxb1 20. Rxb1 Rg6 21. Qd2 Bxh3 22. g3 Bf5 23. Rb3 Be4 24. c4 Bxf3 25. Rxf3 Nb6 26. Qf4 Qd7 27. exd6 cxd6 28. Rb3 Nxc4 29. Rb8+ Kh7 30. Rf8 Rf6 31. Qe4+ Qf5 32. Qxf5+ Rxf5 33. Ra8 a5 34. Ra6 Rb5 35. Rxc6 Nxa3 36. Bc3 Rb1+ 37. Kg2 Rc1 38. d5 a4 39. Bb4 Rxc6 40. dxc6 Nb5 41. Kf3 Nd4+ 42. Ke4 Nxc6 43. Bxd6 Kg6 44. Kd5 Na5 45. Bb4 Nb3 46. Kc4 Nc1 47. Ba3 Ne2 48. Kd3 Ng1 49. Ke3 Nh3 50. f4 h5 51. Kf3 Kf5 52. Bb2 g6 53. Kg2 Nxf4+ 0-1

[Event "TUR-chT2"]
[Site "Konya"]
[Date "2018.07.13"]
[Round "6.25"]
[White "Kiyak, Ali"]
[Black "Topal, Hasan Gokmen"]
[Result "1/2-1/2"]
[WhiteElo "1476"]
[BlackElo "1597"]
[PlyCount "150"]
[EventDate "2018.07.10"]
[EventType "team-swiss"]
[EventRounds "9"]
[EventCountry "TUR"]
[SourceTitle "EXT 2019"]
[Source "ChessBase"]
[SourceDate "2018.10.10"]
[SourceVersion "1"]
[SourceVersionDate "2018.10.10"]
[SourceQuality "1"]
[WhiteTeam "Osmaniye Duzici Okyanus"]
[BlackTeam "Osmaniye Kadirli Savrun"]
[WhiteTeamCountry "TUR"]
[BlackTeamCountry "TUR"]

1. e4 e6 2. d4 d5 3. Nd2 Nf6 4. e5 Nfd7 5. Bd3 c5 6. c3 Nc6 7. Ne2 a6 8. 0-0 b5 9. f4 Qb6 10. Nf3 g6 11. g4 f5 12. gxf5 exf5 13. Be3 c4 14. Bc2 Be7 15. b3 Nf8 16. Rb1 Qc7 17. bxc4 bxc4 18. Nd2 Ne6 19. Nxc4 dxc4 20. d5 Nxe5 21. fxe5 Qxe5 22. Ba4+ Kf8 23. Qd2 Ng7 24. Bc6 Kf7 25. Bxa8 Bd7 26. Bb7 g5 27. Qd4 Qc7 28. Bxa6 Rg8 29. Bxc4 Bd6 30. Rf2 f4 31. Qb6 Qxb6 32. Rxb6 Nf5 33. Bd4 Re8 34. Rb7 Re7 35. Bb5 Bxb5 36. Rxb5 Nh4 37. Bc5 Bxc5 38. Rxc5 f3 39. d6 Rxe2 40. Rxe2 fxe2 41. Kf2 e1Q+ 42. Kxe1 Ke6 43. Rc6 Kd7 44. Rb6 Nf3+ 45. Kf2 Nxh2 46. a4 Ng4+ 47. Kg3 Ne5 48. a5 Nc4 49. Rb5 Nxd6 50. Rd5 Kc6 51. Rd3 Nf7 52. Rf3 Nd6 53. Rf6 Kc7 54. Kg4 Ne4 55. Rf7+ Kc6 56. Rf3 h6 57. Kh5 Kb7 58. Re3 Nd6 59. Re6 Nc4 60. a6+ Ka7 61. Rxh6 Nb6 62. c4 Nxc4 63. Kxg5 Nb6 64. Kf4 Kxa6 65. Ke5 Kb5 66. Kd4 Nc4 67. Rh8 Nb6 68. Rh1 Kc6 69. Rh6+ Kb5 70. Re6 Nd7 71. Rg6 Nb6 72. Rg1 Kc6 73. Ke5 Nc4+ 74. Ke6 Kc5 75. Rc1 Kd4 1/2-1/2

[Event "TUR-chT2"]
[Site "Konya"]
[Date "2018.07.10"]
[Round "1.25"]
[White "Yenicirak, Gokdeniz Ege"]
[Black "Kiyak, Ali"]
[Result "1-0"]
[WhiteElo "1620"]
[BlackElo "1476"]
[PlyCount "37"]
[EventDate "2018.07.10"]
[EventType "team-swiss"]
[EventRounds "9"]
[EventCountry "TUR"]
[SourceTitle "EXT 2019"]
[Source "ChessBase"]
[SourceDate "2018.10.10"]
[SourceVersion "1"]
[SourceVersionDate "2018.10.10"]
[SourceQuality "1"]
[WhiteTeam "Yalova Beyaz Fil"]
[BlackTeam "Osmaniye Duzici Okyanus"]
[WhiteTeamCountry "TUR"]
[BlackTeamCountry "TUR"]

1. c4 Nf6 2. d3 d6 3. Nf3 g6 4. e3 Bg7 5. Be2 0-0 6. 0-0 e5 7. Nc3 c6 8. Rb1 a6 9. a4 a5 10. Bd2 Qc7 11. Qc2 Na6 12. Na2 Nc5 13. Rfc1 e4 14. Nd4 exd3 15. Bxd3 Ng4 16. Be2 Re8 17. Qd1 Nf6 18. b4 axb4 19. Rxb4 1-0